<?xml version="1.0" encoding="UTF-8"?><collection xmlns="info:lc/xmlns/marcxchange-v2"><record format="Unimarc" type="bibliographic"><leader>00597cam  2200217   450 </leader><controlfield tag="001">1705535</controlfield><controlfield tag="003">http://id.bnportugal.gov.pt/bib/porbase/1705535</controlfield><controlfield tag="005">20030626120500.0</controlfield><datafield ind1=" " ind2=" " tag="010"><subfield code="a">0-89871-355-2</subfield></datafield><datafield ind1=" " ind2=" " tag="035"><subfield code="9">30564</subfield></datafield><datafield ind1=" " ind2=" " tag="095"><subfield code="a">PTBN00944910</subfield></datafield><datafield ind1=" " ind2=" " tag="100"><subfield code="a">19960708d1996    k  y0pory0103    ba</subfield></datafield><datafield ind1="0" ind2=" " tag="101"><subfield code="a">eng</subfield></datafield><datafield ind1=" " ind2=" " tag="102"><subfield code="a">US</subfield></datafield><datafield ind1="1" ind2=" " tag="200"><subfield code="a">Accuracy and stability of numerical algorithma</subfield></datafield><datafield ind1=" " ind2=" " tag="210"><subfield code="a">Philadelphia</subfield><subfield code="c">SIAM</subfield><subfield code="d">1996</subfield></datafield><datafield ind1=" " ind2=" " tag="215"><subfield code="a">XXVIII, 688 p.</subfield></datafield><datafield ind1=" " ind2=" " tag="675"><subfield code="a">519.65</subfield><subfield code="v">med</subfield><subfield code="z">eng</subfield><subfield code="3">331450</subfield></datafield><datafield ind1=" " ind2=" " tag="675"><subfield code="a">519.688</subfield><subfield code="v">med</subfield><subfield code="z">eng</subfield><subfield code="3">1381443</subfield></datafield><datafield ind1=" " ind2="1" tag="700"><subfield code="a">Higham</subfield><subfield code="b">Nicholas J.</subfield><subfield code="3">1381444</subfield></datafield><datafield ind1=" " ind2="0" tag="801"><subfield code="a">PT</subfield><subfield code="b">BN</subfield><subfield code="g">RPC</subfield></datafield><datafield ind1=" " ind2=" " tag="977"><subfield code="1">65D/HIG</subfield><subfield code="2">coop</subfield><subfield code="4">UCMA</subfield><subfield code="6">efalt223469</subfield><subfield code="7">bc</subfield><subfield code="8">coop</subfield><subfield code="9">UCMA</subfield><subfield code="b">22942</subfield><subfield code="k">0</subfield></datafield><datafield ind1=" " ind2=" " tag="998"><subfield code="a">CMA20-1827</subfield></datafield></record></collection>